Statistics for Largest Shrinking U.S. Metro Statistical Areas

Click here to take the quiz!

General Stats

  • This quiz has been taken 51 times
  • The average score is 6 of 10

Answer Stats

Population % Change MSA % Correct
2,324,743-1.34Pittsburgh
91%
2,057,009-0.97Cleveland
89%
1,130,152-0.47Buffalo
70%
602,871-1.17Toledo
70%
1,071,082-0.80Rochester
65%
650,502-1.82Syracuse
59%
1,206,300-0.50Hartford
41%
538,952-4.74Youngstown
37%
857,620-0.52New Haven
35%
555,485-1.45Scranton
28%

Score Distribution

Percentile by Number Answered

Percent of People with Each Score

Your Score History

You have not taken this quiz